Estados brasileiros - Statistics

Estatísticas Gerais
  • Esse quiz foi jogado 160 vezes
  • A pontuação média é 20 de 27
Estatísticas das Respostas
Primeira letra Sigla Estado % Correto
A AC Acre
92%
MT Mato Grosso
92%
AL Alagoas
89%
P PA Pará
89%
B BA Bahia
88%
G GO Goiás
87%
MS Mato Grosso do Sul
87%
MG Minas Gerais
87%
E ES Espírito Santo
86%
R RJ Rio de Janeiro
85%
AP Amapá
84%
C CE Ceará
84%
AM Amazonas
81%
D DF Distrito Federal
80%
PB Paraíba
74%
PR Paraná
74%
PE Pernambuco
69%
RS Rio Grande do Sul
69%
M MA Maranhão
68%
PI Piauí
68%
RN Rio Grande do Norte
65%
SP São Paulo
62%
RR Roraima
59%
S SC Santa Catarina
55%
RO Rondônia
53%
SE Sergipe
49%
T TO Tocantins
38%
Nenhum quiz correspondente encontrado
Distribuição das Pontuações
Porcentagem de Pessoas com Cada Pontuação
Percentil de Números Respondidos
Sua Pontuação Histórica
Você não jogou esse quiz